| 000 | 00000nam##2200000za#4500 |
| 001 | 9.688494 |
| 003 | CaOODSP |
| 005 | 20250319164520 |
| 007 | cr ||||||||||| |
| 008 | 150407|2000||||xxc|||||o f|0| 0 eng|d |
| 040 | |aCaOODSP|beng |
| 043 | |an-cn--- |
| 086 | 1 |aSW21-51/2000E-PDF |
| 110 | 1 |aCanada.|bStatus of Women Canada. |bPolicy Research. |
| 245 | 10|aReducing poverty among older women : |h[electronic resource]|bthe potential of retirement incomes policies / |cby Monica Townson. |
| 260 | |aOttawa - Ontario : |bStatus of Women Canada. |c2000. |
| 300 | |a102p.|btables |
| 500 | |aThe ISBN for the bilingual print edition has been incorrectly copied in this electronic publication. N.B.: Incorrect catalogue number printed in this publication. |
| 504 | |aBibliography. |
| 590 | |a06-10-Supp|b2006-12-15 |
| 690 | 07|aSeniors|2gcpds |
| 690 | 07|aPensions|2gcpds |
| 690 | 07|aPoverty|2gcpds |
| 690 | 07|aSocial policy|2gcpds |
| 690 | 07|aWomen|2gcpds |
| 720 | 1 |aTownson, Monica |
| 775 | 08|tRéduire la pauvreté parmi les femmes âgées : |w(CaOODSP)9.632919 |
| 776 | 0#|tReducing poverty among older women : |w(CaOODSP)9.661919 |
| 776 | 0#|tRéduire la pauvreté parmi les femmes âgées : |w(CaOODSP)9.661920 |
| 856 | 40|ahttp://publications.gc.ca|qPDF|s487 KB|uhttps://publications.gc.ca/collections/Collection/SW21-51-2000E.pdf |